00697 2200181 4500245004500000020002100045250001100066700002500077100001700102650004300119005001900162260004100181041001400222084000800236300001500244500024700259336000900506 aHis Majesty's DragoncNovik, NaomihText a978-602-02-022-1 aCet. 1 aIne Milasari Hidajat aNovik, Naomi aFiksi Inggris (dalam Bahasa Indonesia) a20231011130907 aJakartabElex Media Komputindoc2012 aIndonesia a823 a532 hlm. : aPertempuran udara membawa dimensi baru yang mendebarkan dalam peperangan era napoleon, saat para pejuang pemberani bangkit membela inggris terbang ke angkasa... bukan dengan menumpang pesawat, melainkan menunggangi punggung perkasa para naga. atext